Die meisten besuchten Länder in Afrika - Statistiken

Allgemein
  • Dieses Quiz wurde 268 mal gespielt
  • Das Durchschnittsergebnis liegt bei 7 aus 10
Antwortstatistiken
Touristen (im 2016) Land % Korrekt
5.3 million Ägypten
99%
10.0 million Südafrika
99%
10.3 million Marokko
95%
5.7 million Tunesien
91%
2.0 million Algerien
82%
1.5 million Namibia
77%
1.9 million Nigeria
69%
1.6 million Elfenbeinküste
37%
1.6 million Mosambik
34%
2.2 million Simbabwe
26%
Keine übereinstimmenden Quizze gefunden
Verteilung der Resultate
Anzahl Personen mit jedem Resultat
Perzentil nach korrekt beantworteten Fragen
Ihre Resultats-Entwicklung
Sie haben dieses Quiz noch nicht gespielt